|
|
|
|
| LEADER |
01587nam a2200373 i 4500 |
| 001 |
38346 |
| 003 |
BD-DhAAL |
| 005 |
20220411105802.0 |
| 008 |
160822s2015 bg b 001 0 eng |
| 999 |
|
|
|c 44038
|d 44038
|
| 010 |
|
|
|a 2016310664
|
| 020 |
|
|
|a 9789843389169
|
| 025 |
|
|
|a B-E-2016310664; 22-92
|
| 037 |
|
|
|b Library of Congress -- New Delhi Overseas Office
|
| 040 |
|
|
|a DLC
|b eng
|e rda
|c DLC
|d DLC
|d BD-DhAAL
|
| 042 |
|
|
|a lcode
|a pcc
|
| 043 |
|
|
|a a-bg---
|
| 050 |
0 |
0 |
|a HC440.8
|b .A5537 2015
|
| 082 |
|
|
|a 338.9095492
|2 23
|
| 100 |
1 |
|
|a Ahmed, Sadiq,
|e author.
|9 47881
|
| 245 |
1 |
0 |
|a Growth with equity :
|b contemporary development challenges of Bangladesh /
|c Sadiq Ahmed.
|
| 246 |
3 |
0 |
|a Contemporary development challenges of Bangladesh
|
| 264 |
|
1 |
|a Mirpur, Dhaka :
|b Bangladesh Institute of Bank Management,
|c 2015.
|
| 300 |
|
|
|a xvi, 280 pages ;
|c 24 cm.
|
| 504 |
|
|
|a Includes bibliographical references (pages 267-272) and index.
|
| 530 |
|
|
|a Also available via World Wide Web.
|
| 541 |
|
|
|a Donated By Akbar Ali Khan
|e 38346
|
| 650 |
|
0 |
|a Economic development
|z Bangladesh.
|9 47882
|
| 651 |
|
0 |
|a Bangladesh
|x Economic conditions
|y 21st century.
|9 47883
|
| 651 |
|
0 |
|a Bangladesh
|x Economic policy
|y 21st century.
|9 47884
|
| 710 |
2 |
|
|a Bangladesh Institute of Bank Management,
|e publisher,
|e copyright holder.
|9 47885
|
| 852 |
|
|
|a Ayesha Abed Library
|c Akbar Ali Khan Collection
|
| 942 |
|
|
|2 ddc
|c BK
|
| 952 |
|
|
|0 0
|1 0
|2 ddc
|4 0
|6 338_909549200000000_AHM
|7 1
|9 70488
|a BRACUL
|b BRACUL
|c CS1
|d 2022-04-11
|e Donated by Akbar Ali Khan
|l 0
|o 338.9095492 AHM
|p 3010038346
|r 2022-04-11
|t 1
|w 2022-04-11
|y BK
|